Logo BPK

Biblioteka

Politechniki Koszalińskiej

Rejestr Windows 95 : (Rekord nr 32223)

Szczegóły MARC
000 -ETYKIETA REKORDU
podpole kontrolne o stałej długości 00746nam a2200229 i 4500
001 - NUMER KONTROLNY REKORDU
pole kontrolne bg
020 ## - MIĘDZYNARODOWY ZNORMALIZOWANY NUMER KSIĄŻKI - ISBN
ISBN 838721602X
040 ## - ŹRÓDŁO KATALOGOWANIA
Instytucja, która utworzyła rekord BPK
041 1# - KOD JĘZYKA
Kod języka tekstu pl
Kod języka oryginału en
080 ## - UNIWERSALNA KLASYFIKACJA DZIESIĘTNA - UKD
UKD 681.322.066Windows
920 ## - Międzynarodowy znormalizowany numer książki – ISBN
ISBN 83-87216-02-X
008 - POLE O STAŁEJ DŁUGOŚCI - DANE KONTROLNE
podpole kontrolne o stałej długości s pl f |000 0 pol
100 1# - NAZWA OSOBOWA
Nazwa osobowa TIDROW, Rob
245 10 - TYTUŁ/ODPOWIEDZIALNOŚĆ
Tytuł Rejestr Windows 95 :
Ciąg dalszy tytułu wykrywanie i usuwanie problemów oraz konfiguracja i optymalizacja systemu /
Pozostałe elementy strefy tytułu i oznaczenia odpowiedzialności Rob Tidrow ; [tł. z ang. Tomasz Pokora].
246 ## - WARIANT TYTUŁU
Treść wyrażenia wprowadzającego Tyt. oryg.:
Tytuł Windows 95 registry troubleshooting
260 ## - STREFA ADRESU WYDAWNICZEGO
Miejsce wydania Warszawa :
Nazwa wydawcy/dystrybutora Wydaw. RM,
Data publikacji, dystrybucji/powstania dokumentu 1997.
300 ## - STREFA OPISU FIZYCZNEGO
Objętość 334 s. :
Inne cechy fizyczne rys. ;
Rozmiary 24 cm +
Dokument towarzyszący dyskietka.
500 ## - UWAGI OGÓLNE
Tekst uwagi Oryg.: "Windows 95 registry troubleshooting" 1995.
504 ## - UWAGA DOTYCZĄCA BIBLIOGRAFII
Informacje o bibliografii Indeks.
630 09 - HASŁO PRZEDMIOTOWE W FORMIE TYTUŁU UJEDNOLICONEGO
Tytuł ujednolicony Windows 95
856 ## - LOKALIZACJA I DOSTĘP DO ELEKTRONICZNYCH DOKUMENTÓW ZDALNYCH
Link (URL) http://koha.tu.koszalin.pl/cgi-bin/koha/opac-detail.pl?biblionumber=32223
Tekst linku Katalog online BPK
942 ## - DODATKOWE ELEMENTY (KOHA)
Typ dokumentu Książka
Egzemplarze
Wycofany Status egzemplarza Uszkodzony Dostępność Lokalizacja stała Lokalizacja bieżąca Miejsce przechowywania Sygnatura Kod kreskowy Typ dokumentu
      Dostępny Biblioteka Politechniki Koszalińskiej Biblioteka Politechniki Koszalińskiej Wypożyczalnia BG 40862 01279535 Książka
© 2023 Biblioteka Politechniki Koszalińskiej :: KOHA